Les années 2000 en chanson - Version francophone - Statistiques

Statistiques générales
  • Ce quiz a été pris 597 fois
  • Le résultat moyen est 23 sur 50
Statistiques - réponses
Artistes Chansons Année % Correct
Diam's La boulette 2006
94%
Renaud & Axelle Red Manhattan-Kaboul 2002
91%
Raphaël Caravane 2005
81%
Grégory Lemarchal Ecris l'histoire 2005
80%
Sheryfa Luna Il avait les mots 2008
76%
Yannick Ces soirées-là 2000
74%
Christophe Willem Jacques a dit 2007
71%
Hélène Ségara Il y a trop de gens qui t'aiment 2000
69%
Jenifer Donne moi le temps 2003
68%
Tragédie Hey oh 2003
65%
Amel Bent Ne retiens pas tes larmes 2005
63%
Chimène Badi Entre nous 2003
62%
Fatal Bazooka & Vitoo Mauvaise foi nocturne 2007
62%
Bénabar L'effet papillon 2008
61%
Koxie Garçon 2007
61%
Lââm Petite soeur 2005
59%
Coeur de Pirate Comme des enfants 2009
58%
Christophe Maé Parce qu'on sait jamais 2007
57%
Lorie J'ai besoin d'amour 2002
57%
Olivia Ruiz Elle panique 2009
57%
Grégoire Rue des étoiles 2009
55%
Noir Désir Le vent nous portera 2001
54%
Mylène Farmer C'est une belle journée 2002
48%
Garou & Michel Sardou La rivière de notre enfance 2004
47%
Calogero & Grand Corps Malade De l'ombre et la lumière 2009
46%
Pauline Allo le monde 2008
45%
William Baldé Un rayon de soleil 2008
44%
Emma Daumas Tu seras 2004
42%
Ilona Mitrecey Un monde parfait 2005
42%
Tribal King Façon sex 2006
40%
Roch Voisine Tant pis 2004
36%
Marc Lavoine & Bambou Dis-moi que l'amour 2003
31%
Julie Zenatti Si je m'en sors 2001
28%
Faf Larage Pas le temps 2006
26%
De Palmas Au bord de l'eau 2009
25%
MC Solaar Hasta la vista 2001
25%
Nâdiya Parle-moi 2004
25%
Rohff Qui est l'exemple ? 2002
24%
Saïan Supa Crew Angela 2000
24%
Liane Foly On a tous le droit 2001
23%
Tony Parker Balance-toi 2007
23%
Jacky & Ben J ( Nèg' Marrons ) Le bilan 2000
21%
Najoua Belyzel Gabriel 2006
20%
Nuttea Elle te rend dingue 2001
18%
Stanislas Le manège 2008
18%
Eve Angeli Avant de partir 2000
13%
Slaï Flamme 2004
13%
Leslie Le bon choix 2002
11%
Sniper Trait pour trait 2006
11%
Jocelyne Labylle, Cheela, Jacob Desvarieux & Passi Laisse parler les gens 2003
10%
Aucun quiz correspondant
Distribution des résultats
% des personnes avec chaque résultat
Percentile par nombre de réponses
Votre historique - résultats
Vous n’avez pas pris ce quiz